<?xml version="1.0" encoding="UTF-8"?>
<record
    xmlns:xsi="http://www.w3.org/2001/XMLSchema-instance"
    xsi:schemaLocation="http://www.loc.gov/MARC21/slim http://www.loc.gov/standards/marcxml/schema/MARC21slim.xsd"
    xmlns="http://www.loc.gov/MARC21/slim">

  <leader>01268nam a22002537a 4500</leader>
  <controlfield tag="005">20080711103247.0</controlfield>
  <controlfield tag="006">a|||||r|||||00| 0 </controlfield>
  <controlfield tag="008">080711t        xxu||||| |||| 00| f hin d</controlfield>
  <datafield tag="010" ind1=" " ind2=" ">
    <subfield code="a">HIN-83822</subfield>
  </datafield>
  <datafield tag="020" ind1=" " ind2=" ">
    <subfield code="c">300.00</subfield>
  </datafield>
  <datafield tag="035" ind1=" " ind2=" ">
    <subfield code="a">HN-56168</subfield>
  </datafield>
  <datafield tag="037" ind1=" " ind2=" ">
    <subfield code="b">DBAD / PUB</subfield>
  </datafield>
  <datafield tag="040" ind1=" " ind2=" ">
    <subfield code="a">DPL</subfield>
    <subfield code="b">HN</subfield>
  </datafield>
  <datafield tag="082" ind1=" " ind2=" ">
    <subfield code="a">&#x909; </subfield>
  </datafield>
  <datafield tag="100" ind1=" " ind2=" ">
    <subfield code="a">&#x936;&#x930;&#x94D;&#x92E;&#x93E;, &#x92A;&#x930;&#x92E;&#x93E;&#x924;&#x94D;&#x92E;&#x93E; &#x930;&#x93E;&#x92F;</subfield>
  </datafield>
  <datafield tag="245" ind1=" " ind2=" ">
    <subfield code="a">&#x92E;&#x941;&#x915;&#x94D;&#x924;&#x93F; &#x915;&#x940; &#x92A;&#x941;&#x915;&#x93E;&#x930;&#x903; </subfield>
    <subfield code="c">&#x92A;&#x930;&#x92E;&#x93E;&#x924;&#x94D;&#x92E;&#x93E; &#x930;&#x93E;&#x92F; &#x936;&#x930;&#x94D;&#x92E;&#x93E;</subfield>
    <subfield code="b">( &#x935;&#x930;&#x94D;&#x937; 1971 &#x915;&#x947; &#x92D;&#x93E;&#x930;&#x924;- &#x92A;&#x93E;&#x915;&#x93F;&#x938;&#x94D;&#x924;&#x93E;&#x928; &#x92F;&#x941;&#x926;&#x94D;&#x927; &#x915;&#x940; &#x92A;&#x943;&#x937;&#x94D;&#x920; &#x92D;&#x942;&#x92E;&#x93F; &#x92A;&#x930; &#x906;&#x927;&#x93E;&#x930;&#x93F;&#x924; &#x909;&#x92A;&#x928;&#x94D;&#x92F;&#x93E;&#x938;) /</subfield>
  </datafield>
  <datafield tag="246" ind1=" " ind2=" ">
    <subfield code="a">Mukti ki pukar</subfield>
    <subfield code="b">by Parmatma Ray Sharma</subfield>
  </datafield>
  <datafield tag="260" ind1=" " ind2=" ">
    <subfield code="a">&#x907;&#x932;&#x93E;&#x939;&#x93E;&#x92C;&#x93E;&#x926;</subfield>
    <subfield code="b">&#x905;&#x928;&#x93F;&#x932; &#x92A;&#x94D;&#x930;&#x915;&#x93E;&#x936;&#x928;</subfield>
    <subfield code="c">2007</subfield>
  </datafield>
  <datafield tag="270" ind1=" " ind2=" ">
    <subfield code="a">189&#x90F;/1 &#x905;&#x932;&#x94B;&#x92A;&#x940;&#x92C;&#x93E;&#x917; &#x915;&#x93E;&#x932;&#x94B;&#x928;&#x940;</subfield>
    <subfield code="b">&#x907;&#x932;&#x93E;&#x939;&#x93E;&#x92C;&#x93E;&#x926;</subfield>
  </datafield>
  <datafield tag="300" ind1=" " ind2=" ">
    <subfield code="a">320&#x92A;&#x943;</subfield>
    <subfield code="c">22&#x938;&#x947;&#x92E;&#x940;(&#x938;&#x91C;&#x93F;&#x932;&#x94D;&#x926;)</subfield>
  </datafield>
  <datafield tag="650" ind1=" " ind2=" ">
    <subfield code="a">Hindi Novels</subfield>
  </datafield>
  <datafield tag="942" ind1=" " ind2=" ">
    <subfield code="2">ddc</subfield>
    <subfield code="c">HN</subfield>
    <subfield code="h">&#x909; </subfield>
    <subfield code="m"> &#x936;&#x930;&#x94D;&#x92E;&#x93E;&#x92A;</subfield>
  </datafield>
  <datafield tag="999" ind1=" " ind2=" ">
    <subfield code="c">14423</subfield>
    <subfield code="d">14423</subfield>
  </datafield>
  <datafield tag="952" ind1=" " ind2=" ">
    <subfield code="0">0</subfield>
    <subfield code="1">0</subfield>
    <subfield code="4">0</subfield>
    <subfield code="7">1</subfield>
    <subfield code="8">NFIC</subfield>
    <subfield code="a">DBAD</subfield>
    <subfield code="b">DBAD</subfield>
    <subfield code="d">2008-07-11</subfield>
    <subfield code="e">&#x92A;&#x941;.&#x92A;&#x94D;&#x930;.&#x905;.&#x92A;&#x94D;&#x930; /&#x92A;&#x94D;&#x930;&#x915;&#x93E;</subfield>
    <subfield code="g">300.00</subfield>
    <subfield code="l">0</subfield>
    <subfield code="o">&#x909;  &#x936;&#x930;&#x94D;&#x92E;&#x93E;&#x92A;</subfield>
    <subfield code="p">HN-56168</subfield>
    <subfield code="r">2008-09-15 00:00:00</subfield>
    <subfield code="t">1</subfield>
    <subfield code="v">300.00</subfield>
    <subfield code="w">2008-09-15</subfield>
    <subfield code="y">HN</subfield>
  </datafield>
</record>
